| 000 | 00532cab a2200193 4500 | ||
|---|---|---|---|
| 001 | WB3314-81 | ||
| 008 | 090401t1997 xxu||||| |||| 00| 0 eng d | ||
| 035 | _a(Sirsi) u77502 | ||
| 041 | _aeng | ||
| 245 | _aSheep Annual Premium Scheme 1996 | ||
| 260 | _c1997 | ||
| 350 | _a0 | ||
| 490 |
_aMAFF News Release _v(102/97) 1 April 1997, (2) |
||
| 520 | _aGives final rates for the 1996 Sheep Annual Premium Scheme. | ||
| 650 | _aSHEEP ANNUAL PREMIUM SCHEME 1996 | ||
| 690 | _aRURAL PRACTICE | ||
| 942 | _n0 | ||
| 948 | _c02/04/1997 | ||
| 999 |
_c48728 _d48728 |
||